<?xml version="1.0" encoding="UTF-8"?>
<record
    xmlns:xsi="http://www.w3.org/2001/XMLSchema-instance"
    xsi:schemaLocation="http://www.loc.gov/MARC21/slim http://www.loc.gov/standards/marcxml/schema/MARC21slim.xsd"
    xmlns="http://www.loc.gov/MARC21/slim">

  <leader>00858nam0a2200265   4500</leader>
  <controlfield tag="001">RU\NLR\ONL1\52</controlfield>
  <controlfield tag="005">20251118181757.7</controlfield>
  <datafield tag="035" ind1=" " ind2=" ">
    <subfield code="a">(NLR Aleph) 009628822</subfield>
  </datafield>
  <datafield tag="090" ind1=" " ind2=" ">
    <subfield code="a">9480215</subfield>
    <subfield code="c">9480215</subfield>
  </datafield>
  <datafield tag="100" ind1=" " ind2=" ">
    <subfield code="a">20010212d1863    u  y0rusy50      ca</subfield>
  </datafield>
  <datafield tag="101" ind1="0" ind2=" ">
    <subfield code="a">kom</subfield>
  </datafield>
  <datafield tag="102" ind1=" " ind2=" ">
    <subfield code="a">RU</subfield>
  </datafield>
  <datafield tag="105" ind1=" " ind2=" ">
    <subfield code="a">y |||||||||</subfield>
  </datafield>
  <datafield tag="200" ind1="1" ind2=" ">
    <subfield code="a">&#x41A;&#x440;&#x430;&#x442;&#x43A;&#x438;&#x439; &#x43F;&#x440;&#x430;&#x432;&#x43E;&#x441;&#x43B;&#x430;&#x432;&#x43D;&#x44B;&#x439; &#x43A;&#x430;&#x442;&#x435;&#x445;&#x438;&#x437;&#x438;&#x441;</subfield>
    <subfield code="e">&#x41D;&#x430; &#x440;&#x443;&#x441;. &#x438; &#x437;&#x44B;&#x440;&#x44F;&#x43D;. &#x44F;&#x437;.</subfield>
    <subfield code="f">&#x41F;&#x435;&#x440;. &#x443;&#x447;&#x438;&#x442;&#x435;&#x43B;&#x435;&#x43C; &#x410;&#x43D;&#x434;&#x440;&#x435;&#x435;&#x43C; &#x41F;&#x43E;&#x43F;&#x43E;&#x432;&#x44B;&#x43C;</subfield>
  </datafield>
  <datafield tag="210" ind1=" " ind2=" ">
    <subfield code="a">&#x421;&#x41F;&#x431;.</subfield>
    <subfield code="c">&#x421;&#x438;&#x43D;&#x43E;&#x434;. &#x442;&#x438;&#x43F;.</subfield>
    <subfield code="d">1863</subfield>
  </datafield>
  <datafield tag="215" ind1=" " ind2=" ">
    <subfield code="a">27 &#x441;.</subfield>
  </datafield>
  <datafield tag="606" ind1="0" ind2=" ">
    <subfield code="a">&#x41A;&#x430;&#x442;&#x435;&#x445;&#x438;&#x437;&#x438;&#x441; &#x43F;&#x440;&#x430;&#x432;&#x43E;&#x441;&#x43B;&#x430;&#x432;&#x43D;&#x44B;&#x439;</subfield>
    <subfield code="9">1149722</subfield>
    <subfield code="3">RU\NLR\auth\66140498</subfield>
  </datafield>
  <datafield tag="686" ind1="1" ind2=" ">
    <subfield code="a">&#x42D;372.24-4</subfield>
  </datafield>
  <datafield tag="801" ind1=" " ind2="0">
    <subfield code="a">RU</subfield>
    <subfield code="b">NLR</subfield>
    <subfield code="c">20010212</subfield>
    <subfield code="g">PSBO</subfield>
  </datafield>
  <datafield tag="852" ind1=" " ind2=" ">
    <subfield code="a">NLR</subfield>
    <subfield code="b">&#x41E;&#x41D;&#x41B;</subfield>
    <subfield code="j">&#x41A;&#x43E;&#x43C;&#x438;-&#x437;./4-151(&#x43A;&#x441;&#x435;&#x440;&#x43E;&#x43A;&#x43E;&#x43F;.)</subfield>
  </datafield>
  <datafield tag="899" ind1=" " ind2=" ">
    <subfield code="a">&#x420;&#x413;&#x411;</subfield>
  </datafield>
  <datafield tag="942" ind1=" " ind2=" ">
    <subfield code="c">BOOK</subfield>
  </datafield>
  <datafield tag="980" ind1=" " ind2=" ">
    <subfield code="a">NB</subfield>
  </datafield>
  <datafield tag="995" ind1=" " ind2=" ">
    <subfield code="5">2013-10-26</subfield>
    <subfield code="b">NLR01</subfield>
    <subfield code="c">NLR01</subfield>
    <subfield code="e">ONL</subfield>
    <subfield code="f">9628822-10</subfield>
    <subfield code="k">&#x41A;&#x43E;&#x43C;&#x438;-&#x437;./4-151(&#x43A;&#x441;&#x435;&#x440;&#x43E;&#x43A;&#x43E;&#x43F;.)</subfield>
    <subfield code="o">0</subfield>
    <subfield code="r">BOOK</subfield>
    <subfield code="s">4151_</subfield>
  </datafield>
  <datafield tag="995" ind1=" " ind2=" ">
    <subfield code="5">2013-10-26</subfield>
    <subfield code="b">NLR01</subfield>
    <subfield code="c">NLR01</subfield>
    <subfield code="e">ONL</subfield>
    <subfield code="f">9628822-20</subfield>
    <subfield code="o">0</subfield>
    <subfield code="r">BOOK</subfield>
  </datafield>
</record>
